000 00268nam a22001097a 4500
008 170118b xxu||||| |||| 00| 0 eng d
020 _a9780781766852
041 _aeng
080 _22ND
_a618.2
245 _aTEXTBOOK FOR NURSING ASSISTANTS
_cCARTES, P.J
942 _2udc
_cBK
999 _c3095
_d3095